000 00587 a2200169 4500
999 _c10013
_d10013
050 _aKTZ 21.85 ZIM 1986
100 _aZimbabwean government
_eauthor
110 _aAuthority (Zimbabwean government)
245 _aThe statute law of Zimbabwe :
_bacts of parliament enacted during 1985 /
_cZimbabwe government (Authority)
264 _aZimbabwe:
_bGovernment Printer,
_c1986
300 _a387p.:
500 _aIncludes index
650 _aStatutes of 1985
650 _aCommencement of statutes of 1985
650 _aActs Nos. 1 to 35 of 1985
942 _2lcc
_cSERIALS
_h21.85
_iZIM
_kKTZ